<?xml version="1.0" encoding="UTF-8"?>
<marc:record xmlns:marc="http://www.loc.gov/MARC21/slim">
   <marc:leader>00000nam a2200000 a 4500</marc:leader>
   <marc:datafield ind1="1" ind2=" " tag="100">
      <marc:subfield code="a">Newman, John Henry</marc:subfield>
      <marc:subfield code="4">aut</marc:subfield>
      <marc:subfield code="e">Verfasser/-in</marc:subfield>
   </marc:datafield>
   <marc:datafield ind1=" " ind2=" " tag="653">
      <marc:subfield code="a">Religion</marc:subfield>
   </marc:datafield>
   <marc:datafield ind1="0" ind2="0" tag="245">
      <marc:subfield code="a">Christliches Reifen</marc:subfield>
   </marc:datafield>
   <marc:datafield ind1="0" ind2="0" tag="245">
      <marc:subfield code="b">Texte zur religiösen Lebensgestaltung</marc:subfield>
   </marc:datafield>
   <marc:datafield ind1="0" ind2="0" tag="245">
      <marc:subfield code="c">John Henry Newman</marc:subfield>
   </marc:datafield>
   <marc:datafield ind1=" " ind2="1" tag="264">
      <marc:subfield code="a">Zürich; Einsiedeln; Köln</marc:subfield>
      <marc:subfield code="b">Benziger</marc:subfield>
      <marc:subfield code="c">1976</marc:subfield>
   </marc:datafield>
   <marc:datafield ind1="1" ind2=" " tag="490">
      <marc:subfield code="a">RPA</marc:subfield>
   </marc:datafield>
   <marc:datafield ind1="1" ind2=" " tag="520">
      <marc:subfield code="a">Der Autor wird nicht ohne Grund als Kirchen-&lt;br/&gt;vater der Neuzeit und Wegbereiter der ökume-&lt;br/&gt;nischen Bewegung bezeichnet. Er war aber  nicht in erster Linie Theologe, sondern Seel-&lt;br/&gt;sorger. Davon künden seine zahlreichen  schriftlich hinterlassenen Predigten,  Betrachtungen und Gebete. Die vorliegende  Auswahl aus diesen Schriften umfaßt vor allem  größere zusammenhängende asketisch-mystische  Lehrstücke. Es wurden all jene Themen in Be-&lt;br/&gt;tracht gezogen, die unter irgendeinem  Gesichtspunkt vom inneren Leben handeln. Die  meisten Texte stammen aus der anglikanischen  Periode Newmans. Dennoch kommt hier auch der  spätere, der katholische Newman, zur Sprache.  Anders als in seiner Theologie ist er in  seiner religiösen Grundhaltung während seines  ganzen Lebens der Gleiche geblieben.&lt;br/&gt; </marc:subfield>
   </marc:datafield>
   <marc:datafield ind1=" " ind2=" " tag="020">
      <marc:subfield code="a">9783545205024</marc:subfield>
      <marc:subfield code="9">9783545205024</marc:subfield>
   </marc:datafield>
   <marc:datafield ind1=" " ind2=" " tag="041">
      <marc:subfield code="a">ger</marc:subfield>
   </marc:datafield>
   <marc:datafield ind1="1" ind2=" " tag="521">
      <marc:subfield code="a">0</marc:subfield>
   </marc:datafield>
   <marc:datafield ind1=" " ind2=" " tag="300">
      <marc:subfield code="a">325 S.</marc:subfield>
   </marc:datafield>
</marc:record>
